1451 1898 1306 1178 1207 1901 1617 1039 1451 1364 1803 1543 1749 1739 1694 1908 1038 1171 1671 1890 1252 1865 1400 1373 1132 1521 1154 1286 1336 1171 1186 1175 1884 1569 1696 1433 1249 1819 1201 1500 1929 1269 1084 1987 1580 1452 1237 1992 1974 1675 1019 1619 1404 1918 1629 1939 1439 1641 1763 1945 1786 1109 1023 1143 1661 1668 1925 1948 1724 1935 1283 1912 1081 1246 1180 1187 1587 1990 1397 1608 1951 1737 1562 1205 1550 1640 1014 1556 1104 1941 1993 1251 1425 1189 1374 1879 1071 1200 1299 BCNSPRNW ULIB Ver.6.0+V

เปลี่ยนเป็นภาษาไทย

Change to English
 แสดงรายละเอียดบรรณานุกรม
  กลับหน้าหลัก

Brief Record : Get Marc (ISO 2709) : E-mail record : QR code < ปิดหน้าต่าง
LEADER : 00000nam 2200000uu 4500
001    13399128757
003     ULIB
008    240828s2562||||th 000 0 tha d
020 ^  ^a9786169157410
060 0  ^aWA105^bพ471
245 1  ^aพื้นฐานระบาดวิทยา =^bBasics of Epidemiology.
246 3  ^aBasics of Epidemiology.
250 ^  ^aพิมพ์ครั้งที่ 3.
260 ^  ^aกรุงเทพฯ :^bสมาคมนักระบาดภาคสนาม,^c2562.
300 ^  ^a317 หน้า :^bภาพประกอบ ;^c26 ซม.
650 ^  ^aระบาดวิทยา.
945    ^p350^l0^i010710
945    ^p350^l0^i010711
945    ^p350^l0^i010712
999    ^aประนอม เกษจรัล
รายการนี้ยังไม่มีแท็ก
คุณยังไม่ได้ล็อกอิน คุณสามารถมีกิจกรรมร่วมกับเว็บไซต์ได้ แต่ต้องล็อกอินก่อน ::
  ล็อกอิน

รายการสื่อสารสนเทศ

ลำดับที่ ประเภท เลขเรียก/บาร์โค้ด สถานที่ สถานะ
1. วิทยาศาสตร์การแพทย์ และสุขภาพ
หนังสือสำรอง
สถานะ=หนังสือสำรอง
WA105 พ471 ฉ.1 
  Barcode: 010710
ห้องสมุดวิทยาเขตสวรรค์ประชารักษ์
►หนังสือทั่วไป
บนชั้น
2. วิทยาศาสตร์การแพทย์ และสุขภาพ
วิทยาศาสตร์การแพทย์ และสุขภาพ
WA105 พ471 ฉ.2 
  Barcode: 010711
ห้องสมุดวิทยาเขตสวรรค์ประชารักษ์
►หนังสือทั่วไป
บนชั้น
3. วิทยาศาสตร์การแพทย์ และสุขภาพ
วิทยาศาสตร์การแพทย์ และสุขภาพ
WA105 พ471 ฉ.3 
  Barcode: 010712
ห้องสมุดวิทยาเขตสวรรค์ประชารักษ์
►หนังสือทั่วไป
บนชั้น

รายการใกล้เคียง
    หัวเรื่อง [ระบาดวิทยา.]

BibComment


ยังไม่เคยถูกคอมเมนท์

คอมเมนท์ทรัพยากรรายการนี้
  คอมเมนท์: พื้นฐานระบาดวิทย..


 Copyright 2026. Bcnsprnw @Library